Historiaa kirjaimittain - W - Statistics

Yleistilastot
  • Tätä visaa on pelattu 908 kertaa
  • Keskiarvotulos 8 / 14
Vastaustilastot
Vihje Vastaus % Oikein
Klassisen musiikin keskus vuoden 1800 paikkeilla Wien
91%
Napoleon kukistettiin tässä taistelussa vuonna 1815 Waterloon taistelu
88%
Vuoden 2020 koronaviruspandemia sai alkunsa tässä Kiinan kaupungissa Wuhan
83%
Richard Nixonin eroon johtanut poliittinen skandaali Watergate
70%
Koostui useista pienistä ruhtinaskunnista, ennen kuin Englanti valloitti sen 1282 Wales
60%
Brittiläiset joukot polttivat tämän varta vasten rakennetun pääkaupungin vuonna 1814 Washington DC
59%
Saksan tasavalta vuosina 1919-1933 {Weimarin} tasavalta
59%
Lentokoneen keksijät Wrightin veljekset
57%
Yhdistynyttä kuningaskuntaa vuodesta 1917 lähtien hallinnut suku Windsor
53%
Martti Lutherin sanotaan naulanneen teesinsä tämän kaupungin kirkon oveen Wittenberg
52%
Yhdysvaltain presidentti ensimmäisessä maailmansodassa Woodrow Wilson
40%
Saksalainen säveltäjä, jonka pääteos oli Nibelungin sormus Richard Wagner
39%
Höyrykoneen keksinyt skotlantilainen insinööri James Watt
36%
Tämä Saksan länsiosissa solmittu rauhansopimus lopetti kolmikymmenvuotisen sodan vuonna 1648 Westfalenin rauha
20%
Ehtoja vastaavia visoja ei löytynyt
Tulosjakauma
Jokaisen tuloksen saaneiden osuus
Persentiili vastausten määrän mukaan
Tuloshistoriasi
Et ole pelannut tätä visaa